| 000 | 01305nam a2200349 i 4500 | ||
|---|---|---|---|
| 001 | 000017344 | ||
| 003 | DO-SdBNP | ||
| 005 | 20251209124749.0 | ||
| 007 | ta | ||
| 008 | 100323s2006 dr ac 001 0 spa d | ||
| 020 | _a9993442585 | ||
| 040 |
_aDO-SdBNP _bspa _cBNPHU _erda |
||
| 041 | _aspa | ||
| 082 | 4 |
_a972.9383 _bJ38r 2006 _222 |
|
| 100 | 1 |
_aJarvis Luis, Rafael, _d1964- _eautor _938002 _4aut. |
|
| 245 | 1 | 3 |
_aLa Romana : _borigen y fundación / _cRafael Jarvis Luis. |
| 264 | 4 |
_aSanto Domingo, República Dominicana : _bDirección General de la Feria del Libro, _c©2006. |
|
| 300 |
_a371 páginas : _bilustraciones, retratos ; _c23 cm. |
||
| 336 |
_atexto _btxt _2rdacontent |
||
| 337 |
_asin mediación _bn _2rdamedia |
||
| 338 |
_avolumen _bnc _2rdacarrier |
||
| 490 | 0 |
_aEdiciones Ferilibro _v97 |
|
| 500 | _aIncluye notas al pie de páginas | ||
| 504 | _aBibliografía: páginas 333-363 | ||
| 590 | _aInventariado, 2025 /LP | ||
| 650 | 4 |
_aCiudades y pueblos _xRepública dominicana _91095 |
|
| 651 | 4 |
_aLa Romana (República Dominicana) _xHistoria _938003 |
|
| 651 | 4 |
_aLa Romana (República Dominicana) _xVida social y costumbres _938004 |
|
| 651 | 4 |
_zLa Romana (República Dominicana) _xCondiciones sociales _938005 |
|
| 910 | _aValidado. Control de calidad BNPHU | ||
| 942 |
_2ddc _cLBS1 |
||
| 999 |
_c16869 _d16869 |
||